[Event "Stay Safe Play From Home 322"]
[Site "Emanuel Lasker Arena"]
[Date "2020.07.22"]
[Round "4"]
[White "Mr bh6"]
[Black "Fischer_11"]
[Result "1-0"]
[WhiteElo "2373"]
[BlackElo "2035"]
[Annotator "NA"]
[PlyCount "69"]
[EventDate "2020.07.22"]
[EventType "swiss (blitz)"]

1. g3 {[%emt 0:00:01]} Nf6 {[%emt 0:00:03]} 2. Bg2 {[%emt 0:00:00]} g6 {[%emt 0:00:00]} 3. b3 {[%emt 0:00:00]} Bg7 {[%emt 0:00:00]} 4. Bb2 {[%emt 0:00:00]} O-O {[%emt 0:00:10]} 5. c4 {[%emt 0:00:01]} c6 {[%emt 0:00:00]} 6. Nf3 {[%emt 0:00:04]} d5 {[%emt 0:00:00]} 7. O-O {[%emt 0:00:00]} dxc4 {[%emt 0:00:01]} 8. bxc4 {[%emt 0:00:01]} e6 {[%emt 0:00:01]} 9. Qb3 {[%emt 0:00:00]} b6 {[%emt 0:00:01]} 10. d3 {[%emt 0:00:00]} Bb7 {[%emt 0:00:00]} 11. Nc3 {[%emt 0:00:00]} c5 {[%emt 0:00:01]} 12. a4 {[%emt 0:00:01]} Nc6 {[%emt 0:00:01]} 13. a5 {[%emt 0:00:00]} Rb8 {[%emt 0:00:05]} 14. a6 {[%emt 0:00:03]} Ba8 {[%emt 0:00:02]} 15. Nb5 {[%emt 0:00:00]} Qe7 {[%emt 0:00:02]} 16. Ne5 {[%emt 0:00:01]} Nd4 {[%emt 0:00:05]} 17. Nxd4 {[%emt 0:00:06]} cxd4 {[%emt 0:00:03]} 18. Ba3 {[%emt 0:00:01]} Qc7 {[%emt 0:00:04]} 19. Bxf8 {[%emt 0:00:00]} Bxf8 {[%emt 0:00:02]} 20. Bxa8 {[%emt 0:00:02]} Rxa8 {[%emt 0:00:00]} 21. Nf3 {[%emt 0:00:00]} Rb8 {[%emt 0:00:02]} 22. Nxd4 {[%emt 0:00:02]} Bd6 {[%emt 0:00:03]} 23. Nb5 {[%emt 0:00:00]} Qc6 {[%emt 0:00:01]} 24. Nxa7 {[%emt 0:00:01]} Qc5 {[%emt 0:00:02]} 25. Nb5 {[%emt 0:00:01]} Bf8 {[%emt 0:00:02]} 26. a7 {[%emt 0:00:01]} Ra8 {[%emt 0:00:00]} 27. Ra6 {[%emt 0:00:00]} Nd7 {[%emt 0:00:02]} 28. Rfa1 {[%emt 0:00:01]} h5 {[%emt 0:00:01]} 29. Qb2 {[%emt 0:00:01]} h4 {[%emt 0:00:00]} 30. Qd4 {[%emt 0:00:03]} h3 {[%emt 0:00:00]} 31. Qxc5 {[%emt 0:00:01]} Nxc5 {[%emt 0:00:00]} 32. Nc7 {[%emt 0:00:00]} Nxa6 {[%emt 0:00:02]} 33. Rxa6 {[%emt 0:00:00]} Rc8 {[%emt 0:00:01]} 34. a8=Q {[%emt 0:00:01]} Rxa8 {[%emt 0:00:00]} 35. Rxa8 {[%emt 0:00:00] Zeit (Lag: Av=0.49s, max=1.1s)} 1-0

[Event "Stay Safe Play From Home 322"]
[Site "Emanuel Lasker Arena"]
[Date "2020.07.22"]
[Round "4"]
[White "SoulofWolf"]
[Black "Oznog"]
[Result "1-0"]
[WhiteElo "2090"]
[BlackElo "1766"]
[Annotator "NA"]
[PlyCount "103"]
[EventDate "2020.07.22"]
[EventType "swiss (blitz)"]

1. d4 {[%emt 0:00:01]} c5 {[%emt 0:00:01]} 2. Nf3 {[%emt 0:00:00]} cxd4 {[%emt 0:00:01]} 3. Nxd4 {[%emt 0:00:00]} Nf6 {[%emt 0:00:00]} 4. c4 {[%emt 0:00:00]} e6 {[%emt 0:00:01]} 5. g3 {[%emt 0:00:00]} Be7 {[%emt 0:00:01]} 6. Bg2 {[%emt 0:00:00]} O-O {[%emt 0:00:00]} 7. O-O {[%emt 0:00:00]} a6 {[%emt 0:00:00]} 8. Nc3 {[%emt 0:00:00]} Nc6 {[%emt 0:00:01]} 9. Nc2 {[%emt 0:00:00]} d6 {[%emt 0:00:01]} 10. b3 {[%emt 0:00:00]} Qc7 {[%emt 0:00:01]} 11. Bb2 {[%emt 0:00:00]} b6 {[%emt 0:00:01]} 12. Rc1 {[%emt 0:00:01]} Bb7 {[%emt 0:00:00]} 13. e4 {[%emt 0:00:00]} Na5 {[%emt 0:00:02]} 14. Ne3 {[%emt 0:00:01]} Rac8 {[%emt 0:00:01]} 15. Qd3 {[%emt 0:00:02]} Qb8 {[%emt 0:00:01]} 16. Rfd1 {[%emt 0:00:01]} Nd7 {[%emt 0:00:02]} 17. h4 {[%emt 0:00:02]} Ne5 {[%emt 0:00:01]} 18. Qc2 {[%emt 0:00:02]} Bf6 {[%emt 0:00:02]} 19. f4 {[%emt 0:00:01]} Nd7 {[%emt 0:00:02]} 20. Ng4 {[%emt 0:00:05]} Be7 {[%emt 0:00:01]} 21. Ne2 {[%emt 0:00:03]} Nc5 {[%emt 0:00:01]} 22. Qc3 {[%emt 0:00:01]} f6 {[%emt 0:00:02]} 23. e5 {[%emt 0:00:01]} dxe5 {[%emt 0:00:01]} 24. fxe5 {[%emt 0:00:01]} f5 {[%emt 0:00:01]} 25. Ne3 {[%emt 0:00:04]} Bxg2 {[%emt 0:00:03]} 26. Nxg2 {[%emt 0:00:01]} Ne4 {[%emt 0:00:01]} 27. Qf3 {[%emt 0:00:01]} Bc5+ {[%emt 0:00:01]} 28. Kh2 {[%emt 0:00:01]} Qc7 {[%emt 0:00:02]} 29. Nef4 {[%emt 0:00:01]} Qf7 {[%emt 0:00:01]} 30. Ne3 {[%emt 0:00:02]} Nc6 {[%emt 0:00:02]} 31. a3 {[%emt 0:00:02]} b5 {[%emt 0:00:02]} 32. b4 {[%emt 0:00:01]} Ba7 {[%emt 0:00:02]} 33. c5 {[%emt 0:00:01]} Bb8 {[%emt 0:00:02]} 34. Nd3 {[%emt 0:00:05]} Rcd8 {[%emt 0:00:01]} 35. Rf1 {[%emt 0:00:01]} Rxd3 {[%emt 0:00:03]} 36. Rce1 {[%emt 0:00:01]} Rd2+ {[%emt 0:00:02]} 37. Re2 {[%emt 0:00:01]} Rxe2+ {[%emt 0:00:01]} 38. Qxe2 {[%emt 0:00:00]} Bxe5 {[%emt 0:00:02]} 39. Bc1 {[%emt 0:00:01]} Qg6 {[%emt 0:00:02]} 40. Rf3 {[%emt 0:00:01]} Nxg3 {[%emt 0:00:01]} 41. Rxg3 {[%emt 0:00:04]} Qxg3+ {[%emt 0:00:01]} 42. Kh1 {[%emt 0:00:00]} Nd4 {[%emt 0:00:00]} 43. Qg2 {[%emt 0:00:01]} Qxh4+ {[%emt 0:00:01]} 44. Kg1 {[%emt 0:00:01]} Qh5 {[%emt 0:00:02]} 45. Kf1 {[%emt 0:00:01] '} Qf3+ {[%emt 0:00:02]} 46. Qf2 {[%emt 0:00:00]} Qxf2+ {[%emt 0:00:01]} 47. Kxf2 {[%emt 0:00:00]} Bf4 {[%emt 0:00:00]} 48. Bd2 {[%emt 0:00:01]} Bxe3+ {[%emt 0:00:01]} 49. Bxe3 {[%emt 0:00:00]} Nc2 {[%emt 0:00:00]} 50. c6 {[%emt 0:00:00]} Nxa3 {[%emt 0:00:01]} 51. Bd4 {[%emt 0:00:01]} Nc2 {[%emt 0:00:00]} 52. Bc5 {[%emt 0:00:00] Time (Lag: Av=0.51s, max=4.0s)} 1-0

[Event "Stay Safe Play From Home 322"]
[Site "Emanuel Lasker Arena"]
[Date "2020.07.22"]
[Round "4"]
[White "NeatFox"]
[Black "Stefanone"]
[Result "0-1"]
[WhiteElo "1798"]
[BlackElo "2086"]
[Annotator "NA"]
[PlyCount "68"]
[EventDate "2020.07.22"]
[EventType "swiss (blitz)"]

1. g4 {[%emt 0:00:01]} d6 {[%emt 0:00:00]} 2. Bg2 {[%emt 0:00:00]} e5 {[%emt 0:00:01]} 3. c4 {[%emt 0:00:01]} Nc6 {[%emt 0:00:01]} 4. Qb3 {[%emt 0:00:00]} Bd7 {[%emt 0:00:02]} 5. Qxb7 {[%emt 0:00:02]} Rb8 {[%emt 0:00:00]} 6. Qa6 {[%emt 0:00:00]} Rb6 {[%emt 0:00:00]} 7. Qa4 {[%emt 0:00:01]} Nd4 {[%emt 0:00:01]} 8. Qd1 {[%emt 0:00:00]} f5 {[%emt 0:00:01]} 9. gxf5 {[%emt 0:00:01]} Bxf5 {[%emt 0:00:01]} 10. d3 {[%emt 0:00:01]} Nf6 {[%emt 0:00:01]} 11. b3 {[%emt 0:00:02]} Be7 {[%emt 0:00:01]} 12. Bb2 {[%emt 0:00:01]} O-O {[%emt 0:00:01]} 13. Nf3 {[%emt 0:00:01]} c5 {[%emt 0:00:01]} 14. Nxd4 {[%emt 0:00:01]} exd4 {[%emt 0:00:00]} 15. Rg1 {[%emt 0:00:02]} Ng4 {[%emt 0:00:01]} 16. h3 {[%emt 0:00:01]} Ne5 {[%emt 0:00:01]} 17. Nd2 {[%emt 0:00:03]} Bh4 {[%emt 0:00:02]} 18. Ne4 {[%emt 0:00:04]} Bxe4 {[%emt 0:00:01]} 19. Bxe4 {[%emt 0:00:02]} Bxf2+ {[%emt 0:00:01]} 20. Kd2 {[%emt 0:00:00]} Bxg1 {[%emt 0:00:01]} 21. Qxg1 {[%emt 0:00:01]} Qf6 {[%emt 0:00:01]} 22. Bd5+ {[%emt 0:00:04]} Kh8 {[%emt 0:00:01]} 23. Qg4 {[%emt 0:00:02]} g6 {[%emt 0:00:01]} 24. Qg3 {[%emt 0:00:02]} Qf4+ {[%emt 0:00:02]} 25. Qxf4 {[%emt 0:00:01]} Rxf4 {[%emt 0:00:00]} 26. Rg1 {[%emt 0:00:02]} Rf2 {[%emt 0:00:01]} 27. Ke1 {[%emt 0:00:04]} Rh2 {[%emt 0:00:02]} 28. Rf1 {[%emt 0:00:01]} Kg7 {[%emt 0:00:01]} 29. Bc1 {[%emt 0:00:01]} Rxh3 {[%emt 0:00:02]} 30. Bf4 {[%emt 0:00:01]} Ng4 {[%emt 0:00:01]} 31. Bg5 {[%emt 0:00:02]} Ne3 {[%emt 0:00:01]} 32. Bf6+ {[%emt 0:00:03]} Kh6 {[%emt 0:00:01]} 33. Rf2 {[%emt 0:00:01]} Rh1+ {[%emt 0:00:01]} 34. Kd2 {[%emt 0:00:01]} Rd1# {[%emt 0:00:01] (Lag: Av=0.37s, max=0.5s)} 0-1

[Event "Stay Safe Play From Home 322"]
[Site "Emanuel Lasker Arena"]
[Date "2020.07.22"]
[Round "4"]
[White "mcwashere99"]
[Black "Lazieri3"]
[Result "0-1"]
[WhiteElo "1698"]
[BlackElo "2083"]
[Annotator "NA"]
[PlyCount "110"]
[EventDate "2020.07.22"]
[EventType "swiss (blitz)"]

1. c4 {[%emt 0:00:06]} c6 {[%emt 0:00:00]} 2. Nc3 {[%emt 0:00:00]} d5 {[%emt 0:00:01]} 3. d4 {[%emt 0:00:00]} Nf6 {[%emt 0:00:02]} 4. Nf3 {[%emt 0:00:00]} Bf5 {[%emt 0:00:01]} 5. g3 {[%emt 0:00:00]} e6 {[%emt 0:00:01]} 6. Bg2 {[%emt 0:00:00]} h6 {[%emt 0:00:00]} 7. O-O {[%emt 0:00:00]} Ne4 {[%emt 0:00:00]} 8. Qb3 {[%emt 0:00:01]} Nxc3 {[%emt 0:00:02]} 9. bxc3 {[%emt 0:00:00]} Qb6 {[%emt 0:00:02]} 10. c5 {[%emt 0:00:01]} Qxb3 {[%emt 0:00:02]} 11. axb3 {[%emt 0:00:00]} Nd7 {[%emt 0:00:01]} 12. b4 {[%emt 0:00:01]} Be7 {[%emt 0:00:01]} 13. Nd2 {[%emt 0:00:01]} a6 {[%emt 0:00:01]} 14. e4 {[%emt 0:00:01]} dxe4 {[%emt 0:00:00]} 15. Bxe4 {[%emt 0:00:03]} Bxe4 {[%emt 0:00:01]} 16. Nxe4 {[%emt 0:00:00]} Nf6 {[%emt 0:00:01]} 17. Nxf6+ {[%emt 0:00:03]} Bxf6 {[%emt 0:00:00]} 18. Bf4 {[%emt 0:00:00]} Kd7 {[%emt 0:00:01]} 19. Rfe1 {[%emt 0:00:01]} Rae8 {[%emt 0:00:01]} 20. f3 {[%emt 0:00:01]} Bd8 {[%emt 0:00:01]} 21. Be5 {[%emt 0:00:00]} Bc7 {[%emt 0:00:00]} 22. Bxg7 {[%emt 0:00:02]} Rh7 {[%emt 0:00:00]} 23. Be5 {[%emt 0:00:00]} h5 {[%emt 0:00:02]} 24. Kf2 {[%emt 0:00:02]} h4 {[%emt 0:00:02]} 25. g4 {[%emt 0:00:01]} h3 {[%emt 0:00:01]} 26. Kg3 {[%emt 0:00:01]} Rg8 {[%emt 0:00:01]} 27. Bxc7 {[%emt 0:00:01]} Kxc7 {[%emt 0:00:01]} 28. Re5 {[%emt 0:00:00]} Kd7 {[%emt 0:00:01]} 29. Rae1 {[%emt 0:00:01]} Rg6 {[%emt 0:00:03]} 30. R1e3 {[%emt 0:00:01]} Rhg7 {[%emt 0:00:01]} 31. Rh5 {[%emt 0:00:01]} f5 {[%emt 0:00:01]} 32. Rh4 {[%emt 0:00:01]} fxg4 {[%emt 0:00:01]} 33. Rxg4 {[%emt 0:00:00]} Rxg4+ {[%emt 0:00:00]} 34. fxg4 {[%emt 0:00:01]} Rh7 {[%emt 0:00:00]} 35. Re5 {[%emt 0:00:02]} Ke7 {[%emt 0:00:01]} 36. Rh5 {[%emt 0:00:01]} Rf7 {[%emt 0:00:01]} 37. Rxh3 {[%emt 0:00:01]} Rf1 {[%emt 0:00:01]} 38. Rh7+ {[%emt 0:00:00]} Kf6 {[%emt 0:00:00]} 39. Rxb7 {[%emt 0:00:00]} Rc1 {[%emt 0:00:00]} 40. Rb6 {[%emt 0:00:02]} Rxc3+ {[%emt 0:00:00]} 41. Kf4 {[%emt 0:00:01]} Ke7 {[%emt 0:00:02]} 42. Rxa6 {[%emt 0:00:01]} Rc4 {[%emt 0:00:00]} 43. Rxc6 {[%emt 0:00:01]} Rxd4+ {[%emt 0:00:01]} 44. Kg5 {[%emt 0:00:00]} Rxb4 {[%emt 0:00:01]} 45. h4 {[%emt 0:00:01]} e5 {[%emt 0:00:02]} 46. Kh5 {[%emt 0:00:01]} e4 {[%emt 0:00:01]} 47. g5 {[%emt 0:00:00]} e3 {[%emt 0:00:01]} 48. Rd6 {[%emt 0:00:01]} e2 {[%emt 0:00:02]} 49. Rf6 {[%emt 0:00:05]} e1=Q {[%emt 0:00:01]} 50. Kg6 {[%emt 0:00:00]} Qe4+ {[%emt 0:00:01]} 51. Kg7 {[%emt 0:00:01]} Rb8 {[%emt 0:00:01]} 52. h5 {[%emt 0:00:00]} Qd5 {[%emt 0:00:01]} 53. g6 {[%emt 0:00:04]} Qg8+ {[%emt 0:00:01]} 54. Kh6 {[%emt 0:00:00]} Kxf6 {[%emt 0:00:01]} 55. c6 {[%emt 0:00:01]} Qg7# {[%emt 0:00:00] Mate} 0-1

[Event "Stay Safe Play From Home 322"]
[Site "Emanuel Lasker Arena"]
[Date "2020.07.22"]
[Round "4"]
[White "Justwatch"]
[Black "BrainThinker22"]
[Result "0-1"]
[WhiteElo "1671"]
[BlackElo "2351"]
[Annotator "NA"]
[PlyCount "54"]
[EventDate "2020.07.22"]
[EventType "swiss (blitz)"]

1. e4 {[%emt 0:00:01]} c6 {[%emt 0:00:01]} 2. Nf3 {[%emt 0:00:01]} d5 {[%emt 0:00:00]} 3. Nc3 {[%emt 0:00:01]} Bg4 {[%emt 0:00:00]} 4. Be2 {[%emt 0:00:01]} Bxf3 {[%emt 0:00:00]} 5. Bxf3 {[%emt 0:00:00]} d4 {[%emt 0:00:00]} 6. Ne2 {[%emt 0:00:01]} c5 {[%emt 0:00:00]} 7. d3 {[%emt 0:00:00]} Nc6 {[%emt 0:00:00]} 8. Ng3 {[%emt 0:00:00]} e5 {[%emt 0:00:00]} 9. Bg5 {[%emt 0:00:00]} Nf6 {[%emt 0:00:01]} 10. Bxf6 {[%emt 0:00:01]} Qxf6 {[%emt 0:00:00]} 11. h3 {[%emt 0:00:00]} h5 {[%emt 0:00:01]} 12. Nxh5 {[%emt 0:00:01]} Qg5 {[%emt 0:00:01]} 13. Ng3 {[%emt 0:00:02]} O-O-O {[%emt 0:00:01]} 14. Qe2 {[%emt 0:00:01]} Kb8 {[%emt 0:00:01]} 15. Bg4 {[%emt 0:00:00]} g6 {[%emt 0:00:01]} 16. Bf3 {[%emt 0:00:01]} f5 {[%emt 0:00:01]} 17. exf5 {[%emt 0:00:01]} gxf5 {[%emt 0:00:00]} 18. Bxc6 {[%emt 0:00:00]} bxc6 {[%emt 0:00:00]} 19. Qxe5+ {[%emt 0:00:01]} Bd6 {[%emt 0:00:00]} 20. Qxf5 {[%emt 0:00:03]} Rhe8+ {[%emt 0:00:00]} 21. Kf1 {[%emt 0:00:01]} Qd2 {[%emt 0:00:01]} 22. Kg1 {[%emt 0:00:01]} Bxg3 {[%emt 0:00:03]} 23. fxg3 {[%emt 0:00:01]} Re2 {[%emt 0:00:00]} 24. Qf3 {[%emt 0:00:02]} Kb7 {[%emt 0:00:06]} 25. Kh2 {[%emt 0:00:03]} Rf8 {[%emt 0:00:03]} 26. Raf1 {[%emt 0:00:10]} Rxf3 {[%emt 0:00:02]} 27. Rxf3 {[%emt 0:00:00]} Rxg2# {[%emt 0:00:01] (Lag: Av=0.41s, max=0.9s)} 0-1

[Event "Stay Safe Play From Home 322"]
[Site "Emanuel Lasker Arena"]
[Date "2020.07.22"]
[Round "4"]
[White "Udolerhard"]
[Black "Buzaglo"]
[Result "1-0"]
[WhiteElo "1653"]
[BlackElo "1907"]
[Annotator "NA"]
[PlyCount "103"]
[EventDate "2020.07.22"]
[EventType "swiss (blitz)"]

1. d4 {[%emt 0:00:01]} e6 {[%emt 0:00:00]} 2. Bf4 {[%emt 0:00:01]} d5 {[%emt 0:00:00]} 3. e3 {[%emt 0:00:00]} Bd6 {[%emt 0:00:01]} 4. Nf3 {[%emt 0:00:00]} Bxf4 {[%emt 0:00:01]} 5. exf4 {[%emt 0:00:00]} Qd6 {[%emt 0:00:00]} 6. Qd2 {[%emt 0:00:02]} Nf6 {[%emt 0:00:01]} 7. Bd3 {[%emt 0:00:01]} Ne4 {[%emt 0:00:02]} 8. O-O {[%emt 0:00:03]} Nxd2 {[%emt 0:00:01]} 9. Nbxd2 {[%emt 0:00:02]} Qxf4 {[%emt 0:00:01]} 10. c3 {[%emt 0:00:01]} c5 {[%emt 0:00:01]} 11. g3 {[%emt 0:00:00]} Qd6 {[%emt 0:00:02]} 12. Rfe1 {[%emt 0:00:01]} O-O {[%emt 0:00:02]} 13. Rad1 {[%emt 0:00:01]} c4 {[%emt 0:00:01]} 14. Bc2 {[%emt 0:00:01]} Nc6 {[%emt 0:00:01]} 15. Ng5 {[%emt 0:00:00]} g6 {[%emt 0:00:01]} 16. Ngf3 {[%emt 0:00:00]} Bd7 {[%emt 0:00:04]} 17. b3 {[%emt 0:00:00]} Rad8 {[%emt 0:00:02]} 18. bxc4 {[%emt 0:00:01]} dxc4 {[%emt 0:00:02]} 19. Nxc4 {[%emt 0:00:00]} Qc7 {[%emt 0:00:00]} 20. Nce5 {[%emt 0:00:00]} Nxe5 {[%emt 0:00:01]} 21. Nxe5 {[%emt 0:00:00]} Bc6 {[%emt 0:00:01]} 22. a4 {[%emt 0:00:02]} f6 {[%emt 0:00:01]} 23. Nd3 {[%emt 0:00:01]} Bf3 {[%emt 0:00:02]} 24. Rc1 {[%emt 0:00:01]} Qxc3 {[%emt 0:00:01]} 25. Nf4 {[%emt 0:00:00]} Qxd4 {[%emt 0:00:02]} 26. Nxe6 {[%emt 0:00:01]} Qd2 {[%emt 0:00:02]} 27. Nxf8 {[%emt 0:00:01]} Rxf8 {[%emt 0:00:01]} 28. Bb3+ {[%emt 0:00:01]} Kg7 {[%emt 0:00:02]} 29. Rf1 {[%emt 0:00:02]} Bg4 {[%emt 0:00:03]} 30. Rc2 {[%emt 0:00:01]} Qd4 {[%emt 0:00:02]} 31. Rfc1 {[%emt 0:00:08]} Kh6 {[%emt 0:00:02]} 32. Bc4 {[%emt 0:00:01]} Bh3 {[%emt 0:00:02]} 33. Bf1 {[%emt 0:00:00]} Bxf1 {[%emt 0:00:01]} 34. Kxf1 {[%emt 0:00:00]} Rd8 {[%emt 0:00:00]} 35. Rc4 {[%emt 0:00:01]} Qd3+ {[%emt 0:00:01]} 36. Kg1 {[%emt 0:00:02]} Qf3 {[%emt 0:00:01]} 37. Rh4+ {[%emt 0:00:00]} Kg7 {[%emt 0:00:02]} 38. Rc7+ {[%emt 0:00:00]} Kf8 {[%emt 0:00:01]} 39. Rc1 {[%emt 0:00:05]} Rd1+ {[%emt 0:00:01]} 40. Rxd1 {[%emt 0:00:00]} Qxd1+ {[%emt 0:00:00]} 41. Kg2 {[%emt 0:00:00]} Qd5+ {[%emt 0:00:01]} 42. Kf1 {[%emt 0:00:02]} h5 {[%emt 0:00:00]} 43. Rf4 {[%emt 0:00:01]} Qd1+ {[%emt 0:00:02]} 44. Kg2 {[%emt 0:00:01]} Qd6 {[%emt 0:00:00]} 45. h3 {[%emt 0:00:01]} Kg7 {[%emt 0:00:01]} 46. Rf3 {[%emt 0:00:01]} g5 {[%emt 0:00:01]} 47. g4 {[%emt 0:00:00]} Qc6 {[%emt 0:00:01]} 48. Kg3 {[%emt 0:00:01]} h4+ {[%emt 0:00:01]} 49. Kg2 {[%emt 0:00:01]} Kg6 {[%emt 0:00:00]} 50. a5 {[%emt 0:00:02]} Qb5 {[%emt 0:00:01]} 51. a6 {[%emt 0:00:00]} bxa6 {[%emt 0:00:02]} 52. Re3 {[%emt 0:00:00] Time (Lag: Av=0.77s, max=1.3s)} 1-0

[Event "Stay Safe Play From Home 322"]
[Site "Emanuel Lasker Arena"]
[Date "2020.07.22"]
[Round "4"]
[White "Meini"]
[Black "Klasman"]
[Result "1-0"]
[WhiteElo "1571"]
[BlackElo "1429"]
[Annotator "NA"]
[PlyCount "49"]
[EventDate "2020.07.22"]
[EventType "swiss (blitz)"]

1. d4 {[%emt 0:00:01]} f5 {[%emt 0:00:01]} 2. Bf4 {[%emt 0:00:01]} Nf6 {[%emt 0:00:01]} 3. e3 {[%emt 0:00:00]} e6 {[%emt 0:00:01]} 4. Nf3 {[%emt 0:00:00]} d5 {[%emt 0:00:01]} 5. h3 {[%emt 0:00:00]} c5 {[%emt 0:00:01]} 6. Bd3 {[%emt 0:00:00]} Nc6 {[%emt 0:00:02]} 7. c3 {[%emt 0:00:01]} Bd6 {[%emt 0:00:02]} 8. Bxd6 {[%emt 0:00:02]} Qxd6 {[%emt 0:00:02]} 9. O-O {[%emt 0:00:00]} O-O {[%emt 0:00:02]} 10. Re1 {[%emt 0:00:01]} Ne4 {[%emt 0:00:02]} 11. Nbd2 {[%emt 0:00:02]} c4 {[%emt 0:00:02]} 12. Be2 {[%emt 0:00:02]} Bd7 {[%emt 0:00:03]} 13. Qc2 {[%emt 0:00:01]} g5 {[%emt 0:00:03]} 14. Nh2 {[%emt 0:00:02]} f4 {[%emt 0:00:03]} 15. Nxe4 {[%emt 0:00:06]} dxe4 {[%emt 0:00:02]} 16. Qxe4 {[%emt 0:00:01]} Rae8 {[%emt 0:00:06]} 17. Bg4 {[%emt 0:00:06]} Nd8 {[%emt 0:00:03]} 18. Nf3 {[%emt 0:00:04]} Nf7 {[%emt 0:00:03]} 19. Rad1 {[%emt 0:00:05]} Nh6 {[%emt 0:00:05]} 20. Qe5 {[%emt 0:00:04]} Qxe5 {[%emt 0:00:05]} 21. Nxe5 {[%emt 0:00:02]} Nxg4 {[%emt 0:00:01]} 22. hxg4 {[%emt 0:00:01]} Ba4 {[%emt 0:00:04]} 23. exf4 {[%emt 0:00:02]} Bxd1 {[%emt 0:00:02]} 24. Rxd1 {[%emt 0:00:01]} Rxf4 {[%emt 0:00:04]} 25. Re1 {[%emt 0:00:00] Time (Lag: Av=0.47s, max=0.8s)} 1-0

[Event "Stay Safe Play From Home 322"]
[Site "Emanuel Lasker Arena"]
[Date "2020.07.22"]
[Round "4"]
[White "Mandy"]
[Black "Trotsky"]
[Result "0-1"]
[WhiteElo "881"]
[BlackElo "1578"]
[Annotator "NA"]
[PlyCount "38"]
[EventDate "2020.07.22"]
[EventType "swiss (blitz)"]

1. d4 {[%emt 0:00:03]} d5 {[%emt 0:00:01]} 2. Bf4 {[%emt 0:00:05]} e6 {[%emt 0:00:01]} 3. e3 {[%emt 0:00:01]} c5 {[%emt 0:00:01]} 4. c3 {[%emt 0:00:03]} Nc6 {[%emt 0:00:02]} 5. Nf3 {[%emt 0:00:01]} c4 {[%emt 0:00:02]} 6. h3 {[%emt 0:00:02]} Bd6 {[%emt 0:00:01]} 7. Ne5 {[%emt 0:00:04]} Qc7 {[%emt 0:00:01]} 8. Nd2 {[%emt 0:00:01]} h5 {[%emt 0:00:01]} 9. Qc2 {[%emt 0:00:01]} f6 {[%emt 0:00:01]} 10. Nef3 {[%emt 0:00:07]} f5 {[%emt 0:00:05]} 11. Bxd6 {[%emt 0:00:01]} Qxd6 {[%emt 0:00:01]} 12. Ng5 {[%emt 0:00:07]} Bd7 {[%emt 0:00:02]} 13. g3 {[%emt 0:00:04]} Nh6 {[%emt 0:00:02]} 14. h4 {[%emt 0:00:04]} O-O-O {[%emt 0:00:01]} 15. Bg2 {[%emt 0:00:02]} e5 {[%emt 0:00:01]} 16. O-O {[%emt 0:00:03]} Ng4 {[%emt 0:00:04]} 17. f3 {[%emt 0:00:02]} f4 {[%emt 0:00:02]} 18. exf4 {[%emt 0:00:02]} exf4 {[%emt 0:00:01]} 19. b3 {[%emt 0:00:07]} Ne7 {[%emt 0:00:06] Zeit (Lag: Av=0.32s, max=0.4s)} 0-1

[Event "Stay Safe Play From Home 322"]
[Site "Emanuel Lasker Arena"]
[Date "2020.07.22"]
[Round "5"]
[White "Mepe_Nika"]
[Black "Mr bh6"]
[Result "1-0"]
[WhiteElo "2394"]
[BlackElo "2377"]
[PlyCount "67"]
[EventDate "2020.07.22"]
[EventType "swiss (blitz)"]

1. d4 {[%emt 0:00:01]} e6 {[%emt 0:00:00]} 2. Bf4 {[%emt 0:00:01]} f5 {[%emt 0:00:04]} 3. e3 {[%emt 0:00:01]} Nf6 {[%emt 0:00:00]} 4. c4 {[%emt 0:00:01]} Be7 {[%emt 0:00:00]} 5. Nc3 {[%emt 0:00:01]} O-O {[%emt 0:00:00]} 6. Nf3 {[%emt 0:00:01]} d6 {[%emt 0:00:00]} 7. c5 {[%emt 0:00:03]} Nc6 {[%emt 0:00:03]} 8. Bc4 {[%emt 0:00:01]} d5 {[%emt 0:00:01]} 9. Bb5 {[%emt 0:00:01]} Ne4 {[%emt 0:00:00]} 10. O-O {[%emt 0:00:03]} Nxc3 {[%emt 0:00:02]} 11. bxc3 {[%emt 0:00:01]} Bd7 {[%emt 0:00:00]} 12. Bxc6 {[%emt 0:00:01]} Bxc6 {[%emt 0:00:09]} 13. Rb1 {[%emt 0:00:00]} Qe8 {[%emt 0:00:01]} 14. Bxc7 {[%emt 0:00:01]} Bb5 {[%emt 0:00:01]} 15. Re1 {[%emt 0:00:01]} Bc4 {[%emt 0:00:00]} 16. a3 {[%emt 0:00:02]} Qc6 {[%emt 0:00:03]} 17. Bg3 {[%emt 0:00:03]} Qa6 {[%emt 0:00:00]} 18. Qc1 {[%emt 0:00:03]} Bf6 {[%emt 0:00:01]} 19. Bd6 {[%emt 0:00:02]} Rfc8 {[%emt 0:00:01]} 20. Rb4 {[%emt 0:00:01]} b6 {[%emt 0:00:01]} 21. Qb2 {[%emt 0:00:02]} Rc6 {[%emt 0:00:03]} 22. Ra1 {[%emt 0:00:03]} Rac8 {[%emt 0:00:01]} 23. h3 {[%emt 0:00:01]} h6 {[%emt 0:00:01]} 24. Rb1 {[%emt 0:00:02]} Be2 {[%emt 0:00:02]} 25. Ne5 {[%emt 0:00:02]} Bxe5 {[%emt 0:00:01]} 26. Bxe5 {[%emt 0:00:00]} Bd3 {[%emt 0:00:00]} 27. Ra1 {[%emt 0:00:02]} bxc5 {[%emt 0:00:01]} 28. Rb7 {[%emt 0:00:00]} Rb6 {[%emt 0:00:06]} 29. Rxg7+ {[%emt 0:00:01]} Kf8 {[%emt 0:00:00]} 30. Qd2 {[%emt 0:00:01]} Be4 {[%emt 0:00:03]} 31. f3 {[%emt 0:00:01]} Qd3 {[%emt 0:00:00]} 32. Qf2 {[%emt 0:00:02]} Qc2 {[%emt 0:00:01]} 33. Qh4 {[%emt 0:00:02]} Qxc3 {[%emt 0:00:03]} 34. Qe7# {[%emt 0:00:02] (Lag: Av=0.60s, max=1.2s)} 1-0